AU LIBRARIES
Centralized Library System Across Seven Campuses

Archival And Secondary Data (Record no. 47511)

MARC details
000 -LEADER
fixed length control field 00401nam a2200157 4500
005 - DATE AND TIME OF LATEST TRANSACTION
control field 20260505111519.0
008 - FIXED-LENGTH DATA ELEMENTS--GENERAL INFORMATION
fixed length control field 260505b |||||||| |||| 00| 0 eng d
020 ## - INTERNATIONAL STANDARD BOOK NUMBER
ISBN 9781529710977
082 ## - DEWEY DECIMAL CLASSIFICATION NUMBER
Classification number 370
Author Mark CHA-A
100 ## - MAIN ENTRY--AUTHOR
Author Name Chandola Tarani, Booker Cara
245 ## - TITLE STATEMENT
Title Archival And Secondary Data
260 ## - PUBLICATION, DISTRIBUTION, ETC.
Place of Publication Los Angelos
Name of publisher, distributor, etc. Sage Publications
300 ## - PHYSICAL DESCRIPTION
Pages 169p
650 ## - SUBJECT ADDED ENTRY--TOPICAL TERM
Subject / Department Education
942 ## - ADDED ENTRY ELEMENTS (KOHA)
Koha item type Book
Holdings
Withdrawn status Lost status Damaged status Not for loan Collection code Permanent Location Current Location Shelving Location Date acquired Source of acquisition Inventory number Total Checkouts Full Call Number Accession No./Barcode Date last seen Koha item type
        Education Air University H-11 Campus Islamabad Air University H-11 Campus Islamabad Education 05/05/2026 Ali Book Services AUH11-01   370 CHA-A AUHEP0133 05/05/2026 Book
Air University Sector E-9, Islamabad Pakistan
Email: librarian@au.edu.pk  Tel : +0092 51 9262612 Ext: 631